000 00521nam a2200169Ia 4500
008 090711s9999 xx 000 0 und d
082 _b16956
100 _aभावे पुरुषोत्तम भा.
245 _aवाकुल्या
260 _c1966
300 _a142
600 _aभावे पुरुषोत्तम भा.
630 _aवाकुल्या
700 _aभावे पुरुषोत्तम भा.
730 _aवाकुल्या
942 _cBOOK
999 _c308217
_d308217